[Event "Hradec Kralove Region-chT 2223"]
[Site "Czech Republic"]
[Date "2022.10.30"]
[Round "2.8"]
[White "Tichy, Vaclav"]
[Black "Szablewski, Krzysztof"]
[Result "0-1"]
[WhiteElo "1615"]
[BlackElo "1769"]
[PlyCount "88"]
[EventDate "2022.10.09"]
[EventType "team-tourn"]
[EventRounds "11"]
[EventCountry "CZE"]
[SourceTitle "EXT 2024"]
[Source "ChessBase"]
[SourceDate "2023.10.10"]
[SourceVersion "1"]
[SourceVersionDate "2023.10.10"]
[SourceQuality "1"]

1. e4 c6 2. d4 d5 3. Nc3 dxe4 4. Nxe4 Nf6 5. Ng3 Bg4 6. Be2 Bxe2 7. N1xe2 e6 8. 0-0 Be7 9. c3 Nbd7 10. Qc2 0-0 11. Be3 Rc8 12. Rad1 Qc7 13. Bg5 Qa5 14. f4 Rfe8 15. b4 Qb5 16. a4 Qc4 17. f5 Bxb4 18. Rb1 Bd6 19. Rxb7 Rc7 20. Rfb1 c5 21. Rxc7 Bxc7 22. Rb7 cxd4 23. Nxd4 Bb6 24. Bxf6 Nxf6 25. Rxb6 axb6 26. fxe6 fxe6 27. h3 Ra8 28. Qb2 Rxa4 29. Qxb6 Ra6 30. Qb8+ Kf7 31. Nb5 Qc5+ 32. Kh2 Rb6 33. Qa7+ Kg6 34. Nd4 Qd6 35. Nf3 Ne4 36. Nh4+ Kf6 37. Qxb6 Qxb6 38. Nxe4+ Ke7 39. Nf3 Qe3 40. Nfd2 g5 41. c4 h5 42. c5 h4 43. c6 Kd8 44. Nc5 Qxc5 0-1